Building cost planning for the design team (Record no. 106200)
[ view plain ]
| 000 -LEADER | |
|---|---|
| fixed length control field | 01403cam a2200301 4500 |
| 001 - CONTROL NUMBER | |
| control field | L135768 |
| 008 - FIXED-LENGTH DATA ELEMENTS--GENERAL INFORMATION | |
| fixed length control field | 061208n2006 000 0 eng u |
| 020 ## - INTERNATIONAL STANDARD BOOK NUMBER | |
| International Standard Book Number | 0750680164 |
| 035 ## - SYSTEM CONTROL NUMBER | |
| System control number | (Sirsi) u135768 |
| 041 0# - LANGUAGE CODE | |
| Language code of text/sound track or separate title | eng |
| 100 1# - MAIN ENTRY--PERSONAL NAME | |
| Personal name | Smith, Jim |
| 245 00 - TITLE STATEMENT | |
| Title | Building cost planning for the design team |
| Medium | [electronic resource] |
| 250 ## - EDITION STATEMENT | |
| Edition statement | 2nd ed. |
| 260 ## - PUBLICATION, DISTRIBUTION, ETC. | |
| Place of publication, distribution, etc. | Oxford |
| Name of publisher, distributor, etc. | Butterworn Heinemann |
| Date of publication, distribution, etc. | 2006 |
| 300 ## - PHYSICAL DESCRIPTION | |
| Extent | eBook |
| 350 ## - PRICE (NR) (BK AM CF MU VM SE) [OBSOLETE] | |
| Price | 24.99 |
| 505 0# - FORMATTED CONTENTS NOTE | |
| Formatted contents note | Building and construction industry characteristics -- The development process -- Design economics -- An overview of cost planning stages -- Sources of building cost data -- Cost planning the pre-stage (briefing) stage: budget setting -- Cost planning the outline proposal stage -- Cost planning the detailed proposal stage -- Cost planning the tender documentation stages |
| 520 ## - SUMMARY, ETC. | |
| Summary, etc. | Discusses decisions made in business cost planning where design, cost, quality, time, value or sustainability are seen to be interrelated. Focuses on the context of business cost planning and the design stages. |
| 520 ## - SUMMARY, ETC. | |
| Summary, etc. | Superseded by 3 ed (ISBN 9781315695129) |
| 590 ## - LOCAL NOTE (RLIN) | |
| Local note | KA |
| 650 24 - SUBJECT ADDED ENTRY--TOPICAL TERM | |
| Topical term or geographic name entry element | EBOOK |
| 651 #4 - SUBJECT ADDED ENTRY--GEOGRAPHIC NAME | |
| Geographic name | International |
| 690 ## - LOCAL SUBJECT ADDED ENTRY--TOPICAL TERM (OCLC, RLIN) | |
| Topical term or geographic name as entry element | BUILT ENVIRONMENT-BUILDING COSTS |
| 700 1# - ADDED ENTRY--PERSONAL NAME | |
| Personal name | Jaggar, David |
| 856 48 - ELECTRONIC LOCATION AND ACCESS | |
| Uniform Resource Identifier | <a href="https://www.vlebooks.com/">https://www.vlebooks.com/</a> |
| Public note | View on VLEbooks. Logins for members only from [email protected] |
| 942 ## - ADDED ENTRY ELEMENTS (KOHA) | |
| Suppress in OPAC | 0 |
| Withdrawn status | Lost status | Damaged status | Not for loan | Home library | Current library | Shelving location | Date acquired | Cost, normal purchase price | Total Checkouts | Full call number | Barcode | Date last seen | Date last checked out | Copy number | Cost, replacement price | Price effective from | Koha item type | Source of classification or shelving scheme |
|---|---|---|---|---|---|---|---|---|---|---|---|---|---|---|---|---|---|---|
| Missing from bundle | London | London | Basement | 15/02/2008 | 24.99 | 17 | BASEMENT 61 | 30072648 | 06/08/2019 | 22/03/2010 | 2 | 24.99 | 06/08/2019 | Book | ||||
| Virtual | Virtual | Online | 23/11/2010 | 60.58 | EBOOK | 135768-3001 | 06/08/2019 | 1 | 60.58 | 06/08/2019 | Online material | Dewey Decimal Classification |